Multiple Choice City Quiz – Florence - Statistics

General Stats
  • This quiz has been taken 12,186 times
    12,167 since last reset
  • The average score is 8 of 10
Answer Stats
Question Answer % Correct
Florence is considered to be the birthplace of ... The Renaissance
94%
Florence is the capital of which region? Tuscany
91%
What is Florence known as in its native language? Firenze
88%
Which of these families once ruled Florence? Medici
87%
Which of these artworks can you see in Florence? Michelangelo’s David
87%
What Florentine author wrote "The Prince", a how-to guide for rulers? Niccolò Machiavelli
82%
Which of these people was born in a small town about 25 kilometers from Florence? Leonardo da Vinci
79%
What is Florence's most famous bridge? Ponte Vecchio
75%
What is the Uffizi? An art gallery
64%
What river flows through Florence? Arno
60%
No matching quizzes found
Score Distribution
Percent of People with Each Score
Percentile by Number Answered
Your Score History
You have not taken this quiz since the last reset